000
00292nam a22001337a 4500
008
170613b xxu||||| |||| 00| 0 eng d
020
_a
0155952994
041
_a
eng
080
_a
32
100
_a
19
101
_a
SHP
245
_a
WESTERN POLITICAL THEORY
_c
MCDONALD,L.C
942
_2
udc
_c
BK
999
_c
17209
_d
17209